| 000 | 00643nam a2200229 a 4500 | ||
|---|---|---|---|
| 008 | |||
| 020 | _a9780321536167 (pbk.) | ||
| 049 | _aMAIN | ||
| 090 |
_aQH308 _bBIO |
||
| 245 | 1 | 0 |
_aBiology / _c Neil A Campbell...[et al.] |
| 250 | _a8th ed. | ||
| 260 |
_aSan Francisco : _bPearson/Benjamin Cummings, _c2008. |
||
| 300 |
_axlvi, 1267 p. : _bcol. ill. ; _c28 cm. |
||
| 500 | _aIncludes index. | ||
| 650 |
_aBiology _vTextbooks. |
||
| 700 | _aCampbell, Neil A. | ||
| 907 |
_a.b10366544 _b23-11-15 _c19-11-15 |
||
| 003 | |||
| 005 | 20230123122159.0 | ||
| 040 | _cNUST | ||
| 942 |
_cBOOKS _kQH308 _mBIO |
||
| 999 |
_c129204 _d129204 |
||